Statistics for 2011 Formula One Drivers

Click here to take the quiz!

General Stats

  • This quiz has been taken 24 times
  • The average score is 21 of 26

Answer Stats

TeamCountryDriver% Correct
FerrariBrazilFelipe Massa
100%
FerrariSpainFernando Alonso
100%
McLarenUnited KingdomJenson Button
100%
Red BullAustraliaMark Webber
100%
MercedesGermanyMichael Schumacher
100%
Red BullGermanySebastian Vettel
100%
HRTAustraliaDaniel Ricciardo
95%
McLarenUnited KingdomLewis Hamilton
95%
MercedesGermanyNico Rosberg
95%
SauberMexicoSergio Pérez
95%
WilliamsVenezuelaPastor Maldonado
89%
SauberJapanKamui Kobayashi
84%
WilliamsBrazilRubens Barrichello
84%
LotusFinlandHeikki Kovalainen
79%
RenaultRussiaVitaly Petrov
79%
RenaultGermanyNick Heidfeld
74%
VirginGermanyTimo Glock
74%
LotusItalyJarno Trulli
68%
Force IndiaUnited KingdomPaul di Resta
68%
Force IndiaGermanyAdrian Sutil
58%
Toro RossoSwitzerlandSébastien Buemi
58%
RenaultBrazilBruno Senna
53%
Toro RossoSpainJaime Alguersuari
53%
VirginBelgiumJérôme d'Ambrosio
53%
HRTIndiaNarain Karthikeyan
53%
HRTItalyVitantonio Liuzzi
53%

Score Distribution

Percentile by Number Answered

Percent of People with Each Score

Your Score History

You have not taken this quiz